Statistics for African Geography A-Z

Click here to take the quiz!

General Stats

  • This quiz has been taken 5,105 times
    (5,065 since last reset)
  • The average score is 18 of 26

Answer Stats

ClueAnswer% Correct
ALargest country by areaAlgeria
98%
NLongest river in AfricaNile
95%
MIsland inhabited by lemursMadagascar
94%
SLargest hot desert in the worldSahara
93%
COne of South Africa's three capitalsCape Town
92%
EMost populous country in North AfricaEgypt
92%
JThe largest city in South AfricaJohannesburg
92%
KTallest mountain in TanzaniaKilimanjaro
90%
GCountry surrounded by SenegalGambia
89%
FOfficial language of 28 countriesFrench
86%
USwahili is an official language
of this country
Uganda
86%
HPeninsula along the Indian Ocean{Horn} of Africa
84%
VWaterfall on the Zambezi river{Victoria} Falls
84%
LMost populous urban area in AfricaLagos
79%
ZFormer name of the D.R. CongoZaire
79%
RFormer name of ZimbabweRhodesia
75%
WLargest city of NamibiaWindhoek
63%
BEthnic group of the aboveBerber
53%
YStaple crop of NigeriaYam
48%
PBenin's de-jure capitalPorto-Novo
44%
XBantu language in South AfricaXhosa
44%
TThe longest freshwater lakeTanganyika
43%
INigerian language of 24 millionIgbo
40%
OCoastal city in AlgeriaOran
31%
DMountain range in South AfricaDrakensberg
21%
QExtinct half-striped zebra
native to South Africa
Quagga
14%

Score Distribution

Percentile by Number Answered

Percent of People with Each Score

Your Score History

You have not taken this quiz since the last reset